Euro Handball 2018: Les équipes participantes - Statistiques

Statistiques générales
  • Ce quiz a été pris 158 fois
  • Le résultat moyen est 14 sur 16
Statistiques - réponses
Réponse % Correct
France
100%
Espagne
98%
Norvège
95%
Suède
95%
Allemagne
94%
Croatie
92%
Danemark
92%
Serbie
87%
Hongrie
85%
Islande
83%
Autriche
81%
Slovénie
80%
République Tchèque
74%
Macédoine
73%
Monténégro
71%
Biélorussie
59%
Aucun quiz correspondant
Distribution des résultats
% des personnes avec chaque résultat
Percentile par nombre de réponses
Votre historique - résultats
Vous n’avez pas pris ce quiz